00845nam a2200253Ia 4500003000400000005001700004008004100021020001800062040001800080041000800098082002200106100002800128245006600156250001200222260003500234300002900269650002700298650003000325650003000355650003000385942002600415999001900441952013100460OSt20251008104346.0210716s2011 xx 000 0 und d a9788184897517 cAIMIT LIBRARY aeng a005.756 21bSALD aSalomon, David.9241706 aConcise introduction to data compression /cBy David Salomon. a1st ed. aNew Delhi :bSpringer ,c2011. axiii,310 p.;bPBc24 cm. aHuffman coding9241707 aArithmetic coding9241708 aImage compression9241709 aAudio compression9241710 2ddccBKk005.756 SALD c193553d193553 001040708MCAaAIMITbAIMITeKnowledge Worldg645.00l0o005.756 SALDpMCA13061r2026-05-23 00:00:00v483.75w2021-07-16yBK